000 00743nam a22002537a 4500
003 UA-OsUOA
001 70912
007 ta
008 20100923b un ||||| |||| 00| 0 ukr d
100 _aКозак К.
700 _aФішер Е.
090 _a913(477.85)
_bК75
942 _cBK
040 _aUA-OsUOA
_bukr
_cUA-OsUOA
_dUA-OsUOA
245 _aКраєзнавство Буковини
_bДля використання в школах і для самосвіти
300 _a208 с.
955 _a2
041 _aukr
080 _a913(477.85)
020 _a966-407-015-7
260 _aЧернівці
_bЗолоті литаври
_c2006
650 7 _a913 Регіональна географія
_2UDC
999 _c357179
_d357179